Serbia National Football Team - Statistics

General Stats
  • This quiz has been taken 111 times
  • The average score is 6 of 18
Answer Stats
Goals Caps Player % Correct
63 104 Aleksandar Mitrović
91%
23 111 Dušan Tadić
61%
15 103 Dejan Stanković
56%
13 105 Branislav Ivanović
54%
11 94 Aleksandar Kolarov
46%
26 33 Bora Kostić
40%
15 84 Dragan Stojković
35%
0 84 Vladimir Stojković
34%
27 73 Predrag Mijatović
32%
37 102 Savo Milošević
27%
23 85 Dragan Džajić
19%
11 76 Zoran Tošić
17%
32 59 Rajko Mitić
12%
38 63 Stjepan Bobek
11%
37 51 Milan Galić
9%
29 37 Dušan Bajević
4%
36 57 Blagoje Marjanović
3%
28 37 Todor Veselinović
3%
No matching quizzes found
Score Distribution
Percent of People with Each Score
Percentile by Number Answered
Your Score History
You have not taken this quiz